000 00586nam a2200181Ia 4500
003 GCL
008 140319s9999 xx 000 0 ara d
040 _aGCL /
_cGCL
082 0 4 _a370.115
_bع ا
100 1 _aعمر محمد التومى الشيبانى
245 1 0 _aالاسس النفسية والتربوية لرعاية الشباب /
_cعمر محمد التومى الشيبانى
260 _a[S.N] :
_bالدار العربية للكتاب ،
_c1987
300 _a666 ص
490 _a
650 0 4 _aالتربية
650 0 4 _aعلم النفس
942 _2ddc
_cBK
999 _c44548
_d44548